• 首页
  • 本馆介绍
  • 公告通知
  • 最新文献
  • 馆藏检索
  • 电子资源
  • 读者导购
  • 参考咨询
  • 我的图书馆
  • 登录
  • 详细信息显示
  • 放入我的书架
  • 预约/预借图书
  • 作者相关作品
  • 分类相关作品
  • 丛书相关作品
  • 出版社相关作品

书目信息

  • 表格格式
  • 工作单格式
  • 卡片格式
题名:
中国优秀艺术歌曲集
    
 
作者: 储声虹 主编
分册: 1  
出版信息: 长沙   湖南文艺出版社  2001
页数: 311页
开本: 26cm
丛书名:
单 册:
中图分类: J642.5
科图分类:
主题词: 音乐--作品--中国
电子资源:
ISBN: 7-5404-2487-7
000 00651nam0 2200217 45
001 0107101673
005 20031219104057.0
010    @a7-5404-2487-7@dCNY31.00
100    @a20010710d2001 km y0chiy0120 ea
101 0  @achi
105    @a z 000yy
200 1  @a中国优秀艺术歌曲集@h1@AZhong Guo You Xiu Yi Shu Ge Qu Ji@f储声虹主编@FChu Sheng Hong Zhu Bian
210    @a长沙@c湖南文艺出版社@d2001
215    @a311页@d26cm
300    @a大专院校声乐教学用书
410    @12001 @a大专院校声乐教学用书
606 0  @a音乐@x作品@x中国
690    @aJ642.5@v4
701  0 @a储声虹@4主编
801    @aCN@bTSTC@c20010710
905    @b313732-735@dJ642.5@e150:1@f4
    
    中国优秀艺术歌曲集.1/储声虹主编.-长沙:湖南文艺出版社,2001
    311页;26cm
    大专院校声乐教学用书
    
    ISBN 7-5404-2487-7:CNY31.00
    
●
相关链接 在E读中查询图书 在五车中查询图书 在当当中查询图书 在豆瓣中查询图书


正题名:中国优秀艺术歌曲集     索取号:J642.5/150:1         预约/预借

序号 登录号 条形码 馆藏地/架位号 状态 备注
1 0313732   203137328   第一借阅区/ [索取号:J642.5/150:1] 在馆    
2 0313733   203137337   第一借阅区/ [索取号:J642.5/150:1] 在馆    
3 0313734   203137346   第一借阅区/ [索取号:J642.5/150:1] 在馆    
4 0313735   203137355   第一借阅区/ [索取号:J642.5/150:1] 在馆    
唐山师范学院图书馆 欢迎您!
大连网信软件有限公司© 版权所有